000 00642nam a22001937a 4500
003 OSt
005 20251106015218.0
008 251106b |||||||| |||| 00| 0 eng d
020 _a978-621-427-073-6
040 _aDWCL-Main lib
_cOC
082 _aFil. 004.6 P788i 2020
100 _aPomerada, Jake R.
245 _aIntroduction to Computer Networking/
_cJake R. Pomerada
260 _aManila, Philippines :
_b Unlimited Books Library & Services ,
_cc2020.
300 _a x, 242 pages :
_billustrations ;
_c25cm.
504 _aIncludes Bibliographical references
650 _a1. Computer Networks
942 _2ddc
_cBK - FIL
_kFil.
_n0
999 _c5533
_d5533